000 00550 a2200169 4500
020 _a0763718173
040 _aDLC
082 0 0 _a005.133
100 1 _aKirch-Prinz, Ulla.
245 1 2 _aA complete guide to programming in C++
_cUlla Kirch-Prinz, Peter Prinz.
260 _aSudbury, MA :
_bJones and Bartlett Publishers,
_cc2002.
300 _axix, 825 p. :
_bill. ;
_c24 cm.
500 _aPeter Prinz's name appears first in the German edition.
650 0 _aC++ (Computer program language)
700 1 _aPrinz, Peter.
942 _cBK
_k005.133 KIR
_2ddc
999 _c9590
_d9590